Loading...
Inverse problems in quantum scattering theory /
| Main Author: | |
|---|---|
| Other Authors: | |
| Format: | Printed Book |
| Language: | English |
| Published: |
New York :
Springer-Verlag,
1977.
|
| Series: | Texts and monographs in physics
|
| LEADER | 00547nam a2200157Ia 4500 | ||
|---|---|---|---|
| 008 | 150624b xxu||||| |||| 00| 0 eng d | ||
| 082 | |a 539.754 | ||
| 100 | |a Chadan, K. | ||
| 245 | |a Inverse problems in quantum scattering theory / |c K. Chadan | ||
| 260 | |a New York : |b Springer-Verlag, |c 1977. | ||
| 300 | |a 344 p. | ||
| 490 | |a Texts and monographs in physics | ||
| 700 | |a Sabatier, P. C. | ||
| 942 | |c BK | ||
| 999 | |c 29263 |d 29263 | ||
| 952 | |0 0 |1 0 |4 0 |6 539_754000000000000_CHA_I |7 0 |9 29262 |a UL |b UL |c ST2 |d 1998-09-07 |l 0 |o 539.754 CHA/I |p 40707 |r 2012-10-27 |w 2012-10-27 |y BK | ||